000 00281nam a22001337a 4500
008 190305b xxu||||| |||| 00| 0 eng d
020 _a9781455758975
041 _aeng
080 _a610
100 _a4
101 _aSHM
245 _aThe Next step
_cBuck,C.J
942 _2udc
_cBK
999 _c54540
_d54540